[Event "ODJM A 2025"]
[Site "Willingen GER"]
[Date "2025.06.10"]
[Round "4"]
[White "Weidenhöfer, Max"]
[Black "Ellinger, Maximilian"]
[Result "1/2-1/2"]
[Termination "normal"]
[Board "7"]
[WhiteTitle "CM"]
[WhiteElo "2170"]
[BlackElo "2039"]
[WhiteClock "00:04:41"]
[BlackClock "00:06:18"]
[PlyCount "208"]
[WhiteFideId "16230566"]
[BlackFideId "34631003"]
[EventCountry "GER"]
[EventRounds "9"]
[EventType "swiss"]
[EventDate "2025.06.07"]

1. e4 {[%clk 01:30:56]} {[%emt 00:00:02]} e5 {[%clk 01:30:47]} {[%emt
00:00:13]} 2. Bc4 {[%clk 01:31:09]} {[%emt 00:00:16]} Nf6 {[%clk 01:30:20]}
{[%emt 00:00:58]} 3. d3 {[%clk 01:31:32]} {[%emt 00:00:08]} c6 {[%clk
01:29:45]} {[%emt 00:01:03]} 4. Nf3 {[%clk 01:31:54]} {[%emt 00:00:08]} d5
{[%clk 01:28:23]} {[%emt 00:01:53]} 5. Bb3 {[%clk 01:32:17]} {[%emt 00:00:06]}
Bd6 {[%clk 01:26:37]} {[%emt 00:02:15]} 6. exd5 {[%clk 01:32:42]} {[%emt
00:00:07]} cxd5 {[%clk 01:25:11]} {[%emt 00:01:56]} 7. Bg5 {[%clk 01:33:06]}
{[%emt 00:00:05]} Be6 {[%clk 01:22:25]} {[%emt 00:03:17]} 8. Nc3 {[%clk
01:33:30]} {[%emt 00:00:06]} Bc7 {[%clk 01:21:21]} {[%emt 00:01:34]} 9. O-O
{[%clk 01:26:56]} {[%emt 00:07:01]} Nc6 {[%clk 01:18:20]} {[%emt 00:03:34]} 10.
Re1 {[%clk 01:23:09]} {[%emt 00:04:16]} a6 {[%clk 01:12:06]} {[%emt 00:06:45]}
11. Bh4 {[%clk 01:12:26]} {[%emt 00:11:12]} O-O {[%clk 00:44:03]} {[%emt
00:28:34]} 12. h3 {[%clk 01:06:11]} {[%emt 00:06:44]} Re8 {[%clk 00:40:12]}
{[%emt 00:04:22]} 13. Bg3 {[%clk 01:01:01]} {[%emt 00:05:39]} d4 {[%clk
00:36:59]} {[%emt 00:03:44]} 14. Ne4 {[%clk 00:42:30]} {[%emt 00:19:00]} Nxe4
{[%clk 00:35:25]} {[%emt 00:02:04]} 15. dxe4 {[%clk 00:42:03]} {[%emt
00:00:57]} Bxb3 {[%clk 00:30:55]} {[%emt 00:05:01]} 16. axb3 {[%clk 00:42:25]}
{[%emt 00:00:08]} Bb6 {[%clk 00:29:18]} {[%emt 00:02:07]} 17. Nh4 {[%clk
00:36:00]} {[%emt 00:06:54]} f6 {[%clk 00:26:14]} {[%emt 00:03:35]} 18. Qg4
{[%clk 00:31:45]} {[%emt 00:04:44]} Ne7 {[%clk 00:19:11]} {[%emt 00:07:34]} 19.
Rad1 {[%clk 00:26:25]} {[%emt 00:05:49]} Qc8 {[%clk 00:18:25]} {[%emt
00:01:17]} 20. Qe2 {[%clk 00:26:38]} {[%emt 00:00:17]} Qe6 {[%clk 00:18:13]}
{[%emt 00:00:42]} 21. Kh1 {[%clk 00:18:19]} {[%emt 00:08:49]} Rac8 {[%clk
00:17:16]} {[%emt 00:01:27]} 22. Bh2 {[%clk 00:16:34]} {[%emt 00:02:14]} Rc6
{[%clk 00:15:45]} {[%emt 00:02:02]} 23. f4 {[%clk 00:15:42]} {[%emt 00:01:21]}
exf4 {[%clk 00:14:13]} {[%emt 00:02:03]} 24. Nf3 {[%clk 00:15:46]} {[%emt
00:00:25]} Rec8 {[%clk 00:12:54]} {[%emt 00:01:50]} 25. Rc1 {[%clk 00:11:41]}
{[%emt 00:04:36]} Ng6 {[%clk 00:12:42]} {[%emt 00:00:42]} 26. Red1 {[%clk
00:10:40]} {[%emt 00:01:30]} Rd6 {[%clk 00:11:21]} {[%emt 00:01:50]} 27. Bg1
{[%clk 00:09:24]} {[%emt 00:01:47]} Re8 {[%clk 00:10:14]} {[%emt 00:01:37]} 28.
Bxd4 {[%clk 00:06:59]} {[%emt 00:02:56]} Bxd4 {[%clk 00:09:26]} {[%emt
00:01:17]} 29. Nxd4 {[%clk 00:07:27]} {[%emt 00:00:02]} Qxe4 {[%clk 00:09:00]}
{[%emt 00:00:56]} 30. Qc4+ {[%clk 00:06:16]} {[%emt 00:01:41]} Qd5 {[%clk
00:08:30]} {[%emt 00:01:01]} 31. Qf1 {[%clk 00:05:33]} {[%emt 00:01:13]} Red8
{[%clk 00:07:52]} {[%emt 00:01:07]} 32. c3 {[%clk 00:04:30]} {[%emt 00:01:33]}
f3 {[%clk 00:06:39]} {[%emt 00:01:43]} 33. gxf3 {[%clk 00:02:28]} {[%emt
00:02:32]} Nh4 {[%clk 00:05:12]} {[%emt 00:01:57]} 34. Re1 {[%clk 00:02:39]}
{[%emt 00:00:20]} Nf5 {[%clk 00:05:11]} {[%emt 00:00:30]} 35. Nxf5 {[%clk
00:02:06]} {[%emt 00:01:03]} Qxf5 {[%clk 00:05:35]} {[%emt 00:00:05]} 36. Re2
{[%clk 00:00:58]} {[%emt 00:01:39]} Rd3 {[%clk 00:04:29]} {[%emt 00:01:35]} 37.
Kg2 {[%clk 00:00:44]} {[%emt 00:00:45]} Qg5+ {[%clk 00:04:40]} {[%emt
00:00:19]} 38. Kh2 {[%clk 00:00:55]} {[%emt 00:00:18]} Qf4+ {[%clk 00:03:33]}
{[%emt 00:01:39]} 39. Kg2 {[%clk 00:01:24]} {[%emt 00:00:01]} R8d5 {[%clk
00:02:55]} {[%emt 00:01:07]} 40. Rf2 {[%clk 00:00:43]} {[%emt 00:01:10]} Rd2
{[%clk 00:00:49]} {[%emt 00:02:37]} 41. Re1 {[%clk 00:19:28]} {[%emt 00:11:46]}
Rg5+ {[%clk 00:24:29]} {[%emt 00:06:50]} 42. Kh1 {[%clk 00:19:50]} {[%emt
00:00:07]} Rxf2 {[%clk 00:23:28]} {[%emt 00:01:32]} 43. Qxf2 {[%clk 00:19:51]}
{[%emt 00:00:28]} Rg3 {[%clk 00:22:04]} {[%emt 00:01:54]} 44. Qf1 {[%clk
00:06:51]} {[%emt 00:13:29]} Rxf3 {[%clk 00:17:40]} {[%emt 00:04:55]} 45. Qg2
{[%clk 00:05:50]} {[%emt 00:01:31]} Kf8 {[%clk 00:15:06]} {[%emt 00:03:04]} 46.
Rg1 {[%clk 00:01:24]} {[%emt 00:04:55]} g6 {[%clk 00:14:00]} {[%emt 00:01:36]}
47. Qg4 {[%clk 00:00:58]} {[%emt 00:00:56]} Qxg4 {[%clk 00:14:00]} {[%emt
00:00:31]} 48. hxg4 {[%clk 00:01:15]} {[%emt 00:00:12]} Rf2 {[%clk 00:13:21]}
{[%emt 00:01:09]} 49. Rg3 {[%clk 00:01:36]} {[%emt 00:00:09]} Rxb2 {[%clk
00:13:33]} {[%emt 00:00:18]} 50. b4 {[%clk 00:01:59]} {[%emt 00:00:06]} Rd2
{[%clk 00:11:20]} {[%emt 00:02:44]} 51. Kg1 {[%clk 00:02:15]} {[%emt 00:00:14]}
Kf7 {[%clk 00:09:41]} {[%emt 00:02:09]} 52. Kf1 {[%clk 00:02:29]} {[%emt
00:00:15]} g5 {[%clk 00:09:33]} {[%emt 00:00:39]} 53. Ke1 {[%clk 00:02:26]}
{[%emt 00:00:33]} Rc2 {[%clk 00:08:06]} {[%emt 00:01:57]} 54. Rd3 {[%clk
00:01:35]} {[%emt 00:01:20]} Kg6 {[%clk 00:07:39]} {[%emt 00:00:57]} 55. Kd1
{[%clk 00:01:22]} {[%emt 00:00:44]} Rg2 {[%clk 00:08:00]} {[%emt 00:00:08]} 56.
Rd4 {[%clk 00:01:26]} {[%emt 00:00:26]} b5 {[%clk 00:07:34]} {[%emt 00:00:56]}
57. c4 {[%clk 00:01:02]} {[%emt 00:00:55]} bxc4 {[%clk 00:07:44]} {[%emt
00:00:21]} 58. Rxc4 {[%clk 00:01:31]} {[%emt 00:00:01]} Ra2 {[%clk 00:07:09]}
{[%emt 00:01:04]} 59. Rc6 {[%clk 00:01:24]} {[%emt 00:00:37]} Ra4 {[%clk
00:06:53]} {[%emt 00:00:46]} 60. Rb6 {[%clk 00:01:52]} {[%emt 00:00:02]} a5
{[%clk 00:06:51]} {[%emt 00:00:33]} 61. bxa5 {[%clk 00:02:02]} {[%emt
00:00:19]} Rxg4 {[%clk 00:05:55]} {[%emt 00:01:25]} 62. Kc2 {[%clk 00:01:43]}
{[%emt 00:00:49]} Ra4 {[%clk 00:05:39]} {[%emt 00:00:46]} 63. Rb5 {[%clk
00:02:11]} {[%emt 00:00:02]} g4 {[%clk 00:05:13]} {[%emt 00:00:56]} 64. Kb3
{[%clk 00:02:20]} {[%emt 00:00:21]} Ra1 {[%clk 00:05:33]} {[%emt 00:00:10]} 65.
Kb2 {[%clk 00:02:40]} {[%emt 00:00:09]} Re1 {[%clk 00:05:34]} {[%emt 00:00:29]}
66. a6 {[%clk 00:01:57]} {[%emt 00:01:14]} Re8 {[%clk 00:05:45]} {[%emt
00:00:19]} 67. Kc3 {[%clk 00:02:02]} {[%emt 00:00:25]} Ra8 {[%clk 00:05:13]}
{[%emt 00:01:02]} 68. Ra5 {[%clk 00:02:18]} {[%emt 00:00:14]} f5 {[%clk
00:04:25]} {[%emt 00:01:19]} 69. Kd3 {[%clk 00:02:40]} {[%emt 00:00:06]} h5
{[%clk 00:04:24]} {[%emt 00:00:32]} 70. Ke3 {[%clk 00:03:01]} {[%emt 00:00:09]}
Kg5 {[%clk 00:04:47]} {[%emt 00:00:06]} 71. a7 {[%clk 00:03:06]} {[%emt
00:00:26]} h4 {[%clk 00:05:01]} {[%emt 00:00:16]} 72. Kf2 {[%clk 00:03:07]}
{[%emt 00:00:29]} Kf6 {[%clk 00:03:44]} {[%emt 00:01:47]} 73. Kg2 {[%clk
00:03:27]} {[%emt 00:00:11]} Ke6 {[%clk 00:03:37]} {[%emt 00:00:37]} 74. Kf2
{[%clk 00:03:17]} {[%emt 00:00:38]} Kd6 {[%clk 00:02:46]} {[%emt 00:01:22]} 75.
Kg2 {[%clk 00:00:48]} {[%emt 00:03:00]} Kc7 {[%clk 00:02:28]} {[%emt 00:00:48]}
76. Kf2 {[%clk 00:00:56]} {[%emt 00:00:22]} Kb6 {[%clk 00:02:25]} {[%emt
00:00:33]} 77. Rxf5 {[%clk 00:01:18]} {[%emt 00:00:07]} Rxa7 {[%clk 00:02:44]}
{[%emt 00:00:12]} 78. Rg5 {[%clk 00:00:40]} {[%emt 00:01:07]} Ra4 {[%clk
00:03:08]} {[%emt 00:00:06]} 79. Rh5 {[%clk 00:00:50]} {[%emt 00:00:20]} h3
{[%clk 00:03:27]} {[%emt 00:00:11]} 80. Kg3 {[%clk 00:00:58]} {[%emt 00:00:23]}
Kc6 {[%clk 00:03:50]} {[%emt 00:00:07]} 81. Rg5 {[%clk 00:00:56]} {[%emt
00:00:31]} Kd6 {[%clk 00:04:16]} {[%emt 00:00:05]} 82. Rh5 {[%clk 00:01:21]}
{[%emt 00:00:05]} Ke6 {[%clk 00:04:40]} {[%emt 00:00:06]} 83. Rg5 {[%clk
00:00:46]} {[%emt 00:01:05]} Kf6 {[%clk 00:05:06]} {[%emt 00:00:04]} 84. Rg8
{[%clk 00:00:56]} {[%emt 00:00:20]} Kf5 {[%clk 00:04:28]} {[%emt 00:01:08]} 85.
Rf8+ {[%clk 00:01:17]} {[%emt 00:00:09]} Kg6 {[%clk 00:04:53]} {[%emt
00:00:06]} 86. Rg8+ {[%clk 00:01:37]} {[%emt 00:00:09]} Kh6 {[%clk 00:05:04]}
{[%emt 00:00:19]} 87. Rh8+ {[%clk 00:01:37]} {[%emt 00:00:29]} Kg7 {[%clk
00:05:30]} {[%emt 00:00:04]} 88. Rb8 {[%clk 00:02:02]} {[%emt 00:00:05]} Re4
{[%clk 00:05:53]} {[%emt 00:00:08]} 89. Rb6 {[%clk 00:01:49]} {[%emt 00:00:43]}
Re1 {[%clk 00:05:32]} {[%emt 00:00:51]} 90. Rb4 {[%clk 00:00:59]} {[%emt
00:01:20]} Rg1+ {[%clk 00:05:42]} {[%emt 00:00:20]} 91. Kh2 {[%clk 00:01:22]}
{[%emt 00:00:06]} Rg2+ {[%clk 00:06:10]} {[%emt 00:00:03]} 92. Kh1 {[%clk
00:01:49]} {[%emt 00:00:03]} Kh6 {[%clk 00:03:58]} {[%emt 00:02:42]} 93. Rb6+
{[%clk 00:02:07]} {[%emt 00:00:12]} Kh5 {[%clk 00:04:24]} {[%emt 00:00:04]} 94.
Rb5+ {[%clk 00:02:14]} {[%emt 00:00:22]} Kh4 {[%clk 00:04:29]} {[%emt
00:00:27]} 95. Rh5+ {[%clk 00:02:09]} {[%emt 00:00:34]} Kg3 {[%clk 00:04:46]}
{[%emt 00:00:14]} 96. Rxh3+ {[%clk 00:02:31]} {[%emt 00:00:07]} Kf2 {[%clk
00:04:44]} {[%emt 00:00:33]} 97. Rf3+ {[%clk 00:02:47]} {[%emt 00:00:13]} Ke2
{[%clk 00:04:25]} {[%emt 00:00:50]} 98. Re3+ {[%clk 00:02:18]} {[%emt
00:00:58]} Kxe3 {[%clk 00:04:09]} {[%emt 00:00:46]} 99. Kxg2 {[%clk 00:02:42]}
{[%emt 00:00:06]} Kf4 {[%clk 00:04:36]} {[%emt 00:00:03]} 100. Kf2 {[%clk
00:03:04]} {[%emt 00:00:08]} g3+ {[%clk 00:05:03]} {[%emt 00:00:04]} 101. Kg2
{[%clk 00:03:30]} {[%emt 00:00:04]} Kg4 {[%clk 00:05:29]} {[%emt 00:00:03]}
102. Kg1 {[%clk 00:03:47]} {[%emt 00:00:13]} Kf3 {[%clk 00:05:54]} {[%emt
00:00:05]} 103. Kf1 {[%clk 00:04:14]} {[%emt 00:00:03]} g2+ {[%clk 00:06:18]}
{[%emt 00:00:07]} 104. Kg1 {[%clk 00:04:41]} {[%emt 00:00:02]} Kg3 {[%emt
00:00:05]} 1/2-1/2

[Event "ODJM A 2025"]
[Site "Willingen GER"]
[Date "2025.06.10"]
[Round "4"]
[White "Hofmann, Benjamin"]
[Black "Winkler, Yonathan"]
[Result "1/2-1/2"]
[Termination "normal"]
[Board "8"]
[WhiteElo "1944"]
[BlackElo "2201"]
[WhiteClock "00:30:47"]
[BlackClock "00:28:45"]
[PlyCount "112"]
[WhiteFideId "16270266"]
[BlackFideId "16266080"]
[EventCountry "GER"]
[EventRounds "9"]
[EventType "swiss"]
[EventDate "2025.06.07"]

1. d4 {[%clk 01:30:56]} {[%emt 00:00:05]} d5 {[%clk 01:30:54]} {[%emt
00:00:07]} 2. Nf3 {[%clk 01:31:21]} {[%emt 00:00:04]} Nf6 {[%clk 01:31:16]}
{[%emt 00:00:07]} 3. g3 {[%clk 01:31:44]} {[%emt 00:00:07]} g6 {[%clk
01:31:32]} {[%emt 00:00:13]} 4. Bg2 {[%clk 01:32:03]} {[%emt 00:00:12]} Bg7
{[%clk 01:31:56]} {[%emt 00:00:06]} 5. O-O {[%clk 01:31:58]} {[%emt 00:00:34]}
O-O {[%clk 01:32:17]} {[%emt 00:00:08]} 6. c4 {[%clk 01:32:20]} {[%emt
00:00:10]} c6 {[%clk 01:32:20]} {[%emt 00:00:26]} 7. Ne5 {[%clk 01:32:38]}
{[%emt 00:00:13]} Ng4 {[%clk 01:23:18]} {[%emt 00:09:32]} 8. cxd5 {[%clk
01:31:02]} {[%emt 00:02:06]} cxd5 {[%clk 01:10:18]} {[%emt 00:16:07]} 9. Qb3
Nc6 {[%clk 01:04:15]} {[%emt 00:25:05]} 10. Rd1 Nxd4 {[%clk 01:04:24]} {[%emt
00:09:00]} 11. Rxd4 Bxe5 {[%emt 00:00:31]} 12. Rxd5 {[%clk 01:02:32]} {[%emt
00:00:41]} Qc7 {[%clk 01:04:44]} {[%emt 00:00:09]} 13. Rd1 {[%clk 00:53:19]}
{[%emt 00:09:44]} Qc5 {[%clk 00:45:53]} {[%emt 00:19:21]} 14. e3 {[%clk
00:44:01]} {[%emt 00:09:48]} Rb8 {[%clk 00:37:15]} {[%emt 00:09:08]} 15. Nc3
{[%clk 00:40:44]} {[%emt 00:03:47]} Nf6 {[%clk 00:35:28]} {[%emt 00:02:16]} 16.
Na4 {[%clk 00:29:51]} {[%emt 00:11:23]} Qc7 {[%clk 00:35:13]} {[%emt 00:00:44]}
17. Bd2 {[%clk 00:28:29]} {[%emt 00:01:53]} b5 {[%clk 00:32:55]} {[%emt
00:02:47]} 18. Nc3 {[%clk 00:28:10]} {[%emt 00:00:49]} Be6 {[%clk 00:33:08]}
{[%emt 00:00:18]} 19. Nd5 {[%clk 00:22:26]} {[%emt 00:06:14]} Nxd5 {[%clk
00:32:01]} {[%emt 00:01:37]} 20. Bxd5 {[%clk 00:22:48]} {[%emt 00:00:07]} Bxd5
{[%clk 00:31:16]} {[%emt 00:01:15]} 21. Qxd5 {[%clk 00:23:12]} {[%emt
00:00:06]} Bxb2 {[%clk 00:31:08]} {[%emt 00:00:39]} 22. Rab1 {[%clk 00:23:05]}
{[%emt 00:00:37]} Rfd8 {[%clk 00:30:28]} {[%emt 00:01:10]} 23. Qb3 {[%clk
00:22:23]} {[%emt 00:01:12]} Bf6 {[%clk 00:30:45]} {[%emt 00:00:12]} 24. Rbc1
{[%clk 00:20:38]} {[%emt 00:02:15]} Qb6 {[%clk 00:29:26]} {[%emt 00:01:50]} 25.
Bc3 {[%clk 00:18:12]} {[%emt 00:02:55]} Bxc3 {[%clk 00:27:45]} {[%emt
00:02:11]} 26. Qxc3 {[%clk 00:16:43]} {[%emt 00:02:00]} b4 {[%clk 00:26:13]}
{[%emt 00:02:02]} 27. Qe5 {[%clk 00:15:23]} {[%emt 00:01:50]} Qb7 {[%clk
00:19:02]} {[%emt 00:07:40]} 28. h4 {[%clk 00:14:21]} {[%emt 00:01:33]} h5
{[%clk 00:17:21]} {[%emt 00:02:10]} 29. Rd4 {[%clk 00:12:38]} {[%emt 00:02:13]}
Rxd4 {[%clk 00:15:18]} {[%emt 00:02:33]} 30. exd4 {[%clk 00:11:55]} {[%emt
00:01:13]} Qb6 {[%clk 00:09:38]} {[%emt 00:06:11]} 31. Rc7 {[%clk 00:11:28]}
{[%emt 00:00:56]} Qd6 {[%clk 00:08:28]} {[%emt 00:01:40]} 32. Qxd6 exd6 {[%clk
00:08:56]} 33. Rxa7 {[%clk 00:10:41]} {[%emt 00:00:08]} Rb5 {[%clk 00:09:21]}
{[%emt 00:00:04]} 34. Ra4 {[%clk 00:10:49]} {[%emt 00:00:22]} Kg7 {[%clk
00:09:15]} {[%emt 00:00:37]} 35. Kf1 {[%clk 00:10:54]} {[%emt 00:00:25]} Kf6
{[%clk 00:09:40]} {[%emt 00:00:04]} 36. Ke2 {[%clk 00:11:20]} {[%emt 00:00:04]}
Ke6 {[%clk 00:10:04]} {[%emt 00:00:06]} 37. Ke3 {[%clk 00:11:36]} {[%emt
00:00:14]} Kd5 {[%clk 00:10:27]} {[%emt 00:00:07]} 38. f3 {[%clk 00:10:29]}
{[%emt 00:01:38]} f6 {[%clk 00:09:36]} {[%emt 00:01:19]} 39. g4 {[%clk
00:08:10]} {[%emt 00:02:50]} hxg4 {[%clk 00:08:06]} {[%emt 00:02:01]} 40. fxg4
{[%clk 00:08:33]} {[%emt 00:00:06]} g5 {[%clk 00:06:06]} {[%emt 00:02:30]} 41.
hxg5 {[%clk 00:27:15]} {[%emt 00:11:48]} fxg5 {[%clk 00:35:07]} {[%emt
00:01:29]} 42. Kd3 {[%clk 00:27:31]} {[%emt 00:00:14]} b3 {[%clk 00:35:32]}
{[%emt 00:00:05]} 43. axb3 {[%clk 00:27:58]} {[%emt 00:00:04]} Rxb3+ {[%clk
00:35:57]} {[%emt 00:00:04]} 44. Kc2 {[%clk 00:28:21]} {[%emt 00:00:07]} Rg3
{[%clk 00:34:50]} {[%emt 00:01:36]} 45. Ra5+ {[%clk 00:28:43]} {[%emt
00:00:09]} Kc4 {[%clk 00:34:04]} {[%emt 00:01:16]} 46. Rxg5 {[%clk 00:28:44]}
{[%emt 00:00:29]} Rg2+ {[%clk 00:34:30]} {[%emt 00:00:04]} 47. Kd1 {[%clk
00:28:52]} {[%emt 00:00:23]} Kxd4 {[%clk 00:34:33]} {[%emt 00:00:26]} 48. Rg8
{[%clk 00:28:55]} {[%emt 00:00:28]} d5 {[%clk 00:34:50]} {[%emt 00:00:12]} 49.
g5 {[%clk 00:29:20]} {[%emt 00:00:05]} Ke5 {[%clk 00:32:54]} {[%emt 00:02:26]}
50. g6 {[%clk 00:29:31]} {[%emt 00:00:19]} Kf6 {[%clk 00:33:10]} {[%emt
00:00:13]} 51. Rf8+ {[%clk 00:29:16]} {[%emt 00:00:47]} Ke7 {[%clk 00:32:18]}
{[%emt 00:01:20]} 52. Rg8 {[%clk 00:29:39]} {[%emt 00:00:08]} Kf6 {[%clk
00:31:07]} {[%emt 00:01:41]} 53. Rf8+ {[%clk 00:30:05]} {[%emt 00:00:04]} Ke5
{[%clk 00:28:25]} {[%emt 00:03:11]} 54. Rg8 {[%clk 00:30:22]} {[%emt 00:00:13]}
Kf5 {[%clk 00:28:19]} {[%emt 00:00:36]} 55. g7 {[%clk 00:30:30]} {[%emt
00:00:23]} Kf6 {[%clk 00:28:33]} {[%emt 00:00:12]} 56. Rd8 {[%clk 00:30:47]}
{[%emt 00:00:17]} Kxg7 {[%clk 00:28:45]} {[%emt 00:00:16]} 1/2-1/2

[Event "ODJM A 2025"]
[Site "Willingen GER"]
[Date "2025.06.10"]
[Round "4"]
[White "Melde, Benjamin"]
[Black "Ruddat, Jarne"]
[Result "1-0"]
[Termination "normal"]
[Board "9"]
[WhiteElo "2065"]
[BlackElo "1925"]
[WhiteClock "00:05:33"]
[BlackClock "00:04:46"]
[PlyCount "81"]
[WhiteFideId "12958816"]
[BlackFideId "16254236"]
[EventCountry "GER"]
[EventRounds "9"]
[EventType "swiss"]
[EventDate "2025.06.07"]

1. c4 {[%clk 01:30:47]} {[%emt 00:00:03]} c6 {[%clk 01:30:47]} {[%emt
00:00:22]} 2. Nf3 {[%clk 01:30:59]} {[%emt 00:00:18]} Nf6 {[%clk 01:31:00]}
{[%emt 00:00:17]} 3. b3 {[%clk 01:31:03]} {[%emt 00:00:28]} g6 {[%clk
01:30:25]} {[%emt 00:01:05]} 4. Bb2 {[%clk 01:31:16]} {[%emt 00:00:17]} d5
{[%clk 01:29:51]} {[%emt 00:01:04]} 5. g3 {[%clk 01:29:49]} {[%emt 00:01:56]}
Bg7 {[%clk 01:30:09]} {[%emt 00:00:13]} 6. Bg2 {[%clk 01:30:13]} {[%emt
00:00:06]} O-O {[%clk 01:30:28]} {[%emt 00:00:10]} 7. O-O {[%clk 01:30:39]}
{[%emt 00:00:06]} Re8 {[%clk 01:30:21]} {[%emt 00:00:36]} 8. d4 {[%clk
01:29:11]} {[%emt 00:01:58]} a5 {[%clk 01:19:38]} {[%emt 00:11:13]} 9. Nc3
{[%clk 01:28:46]} {[%emt 00:00:55]} Be6 {[%clk 01:11:56]} {[%emt 00:08:12]} 10.
Rc1 {[%clk 01:15:49]} {[%emt 00:13:28]} Bh6 {[%clk 01:06:33]} {[%emt 00:05:52]}
11. cxd5 {[%clk 01:00:54]} {[%emt 00:15:25]} Bxc1 {[%clk 01:05:38]} {[%emt
00:01:25]} 12. Qxc1 {[%clk 01:00:23]} {[%emt 00:01:00]} Bxd5 {[%clk 01:03:10]}
{[%emt 00:02:59]} 13. Rd1 {[%clk 00:56:44]} {[%emt 00:04:10]} Na6 {[%clk
00:58:42]} {[%emt 00:04:58]} 14. Qh6 {[%clk 00:54:36]} {[%emt 00:02:37]} Qd7
{[%clk 00:37:43]} {[%emt 00:21:29]} 15. Ne5 {[%clk 00:36:01]} {[%emt 00:19:05]}
Qf5 {[%clk 00:35:22]} {[%emt 00:02:51]} 16. f3 {[%clk 00:36:09]} {[%emt
00:00:22]} Qh5 {[%clk 00:34:15]} {[%emt 00:01:36]} 17. Qd2 {[%clk 00:30:48]}
{[%emt 00:05:52]} Be6 {[%clk 00:32:32]} {[%emt 00:02:13]} 18. e4 {[%clk
00:26:40]} {[%emt 00:04:38]} Nd7 {[%clk 00:31:03]} {[%emt 00:01:59]} 19. Nd3
{[%clk 00:25:55]} {[%emt 00:01:15]} Nf8 {[%clk 00:28:21]} {[%emt 00:03:12]} 20.
d5 {[%clk 00:18:43]} {[%emt 00:07:42]} Bd7 {[%clk 00:28:04]} {[%emt 00:00:48]}
21. Nf4 {[%clk 00:13:04]} {[%emt 00:06:08]} Qh6 {[%clk 00:27:18]} {[%emt
00:01:16]} 22. Qd4 {[%clk 00:13:01]} {[%emt 00:00:33]} c5 {[%clk 00:25:26]}
{[%emt 00:02:22]} 23. Qf2 {[%clk 00:12:40]} {[%emt 00:00:51]} g5 {[%clk
00:24:30]} {[%emt 00:01:26]} 24. Nd3 {[%clk 00:12:46]} {[%emt 00:00:25]} b6
{[%clk 00:23:59]} {[%emt 00:01:00]} 25. f4 {[%clk 00:07:55]} {[%emt 00:05:21]}
f6 {[%clk 00:21:43]} {[%emt 00:02:47]} 26. e5 {[%clk 00:07:28]} {[%emt
00:00:57]} Bg4 {[%clk 00:19:59]} {[%emt 00:02:14]} 27. Rf1 {[%clk 00:06:51]}
{[%emt 00:01:07]} f5 {[%clk 00:14:37]} {[%emt 00:05:52]} 28. fxg5 {[%clk
00:06:25]} {[%emt 00:00:56]} Qxg5 {[%clk 00:14:27]} {[%emt 00:00:38]} 29. h3
{[%clk 00:06:07]} {[%emt 00:00:48]} Bh5 {[%clk 00:14:34]} {[%emt 00:00:23]} 30.
d6 {[%clk 00:05:09]} {[%emt 00:01:29]} Rad8 {[%clk 00:12:04]} {[%emt 00:03:00]}
31. Nd5 {[%clk 00:05:10]} {[%emt 00:00:29]} exd6 {[%clk 00:06:29]} {[%emt
00:06:06]} 32. h4 {[%clk 00:04:41]} {[%emt 00:00:58]} Qh6 {[%clk 00:05:46]}
{[%emt 00:01:13]} 33. Nf6+ {[%clk 00:04:52]} {[%emt 00:00:19]} Kf7 {[%clk
00:05:48]} {[%emt 00:00:27]} 34. Bc1 {[%clk 00:03:36]} {[%emt 00:01:47]} Qg6
{[%clk 00:05:08]} {[%emt 00:01:10]} 35. Nf4 {[%clk 00:04:01]} {[%emt 00:00:05]}
Qg7 {[%clk 00:04:33]} {[%emt 00:01:05]} 36. N4xh5 {[%clk 00:04:25]} {[%emt
00:00:05]} Qg6 {[%clk 00:04:36]} {[%emt 00:00:28]} 37. Bd5+ {[%clk 00:04:22]}
{[%emt 00:00:33]} Ne6 {[%clk 00:04:16]} {[%emt 00:00:50]} 38. Nf4 {[%clk
00:04:33]} {[%emt 00:00:18]} Qg7 {[%clk 00:04:03]} {[%emt 00:00:44]} 39. Nxe8
{[%clk 00:04:46]} {[%emt 00:00:18]} Rxe8 {[%clk 00:04:21]} {[%emt 00:00:11]}
40. Nxe6 {[%clk 00:05:10]} {[%emt 00:00:07]} Rxe6 {[%clk 00:04:46]} {[%emt
00:00:04]} 41. Qxf5+ {[%clk 00:05:33]} {[%emt 00:00:07]} 1-0